Descripcion de las Islas Faeröe (Record no. 155017)

MARC details
000 -LEADER
campo de control de longitud fija 00818nam a22001815i 4500
001 - NÚMERO DE CONTROL
campo de control 155017
003 - IDENTIFICADOR DE NÚMERO DE CONTROL
campo de control ES-MaACL
005 - FECHA Y HORA DE LA ÚLTIMA TRANSACCIÓN
campo de control 20230906205931.0
008 - DATOS DE LONGITUD FIJA--INFORMACIÓN GENERAL
campo de control de longitud fija 981021s1894 sp b |||| | spa d
040 ## - FUENTE DE CATALOGACIÓN
Centro catalogador/agencia de origen CCPB | B
Lengua de catalogación spa
Centro/agencia transcriptor CCPB | B
100 1# - ENTRADA PRINCIPAL--NOMBRE DE PERSONA
Nombre de persona Gutiérrez Vela, Rafael.
9 (RLIN) 127660
245 10 - MENCIÓN DEL TÍTULO
Título Descripcion de las Islas Faeröe
Resto del título : sus puertos y rias, é instrucciones para la navegacion entre ellas /
Mención de responsabilidad, etc. por Rafaél Gutierrez Vela.
260 ## - PUBLICACIÓN, DISTRIBUCIÓN, ETC.
Lugar de publicación, distribución, etc. Madrid :
Nombre del editor, distribuidor, etc. [s.n.],
Fecha de publicación, distribución, etc. 1894 (
Fabricante Imp. de la viuda é hija de Fuentenebro)
300 ## - DESCRIPCIÓN FÍSICA
Extensión 45 p., 2 h. pleg. de lám.: il. ;
Dimensiones 25 cm.
599 ## - NOTA A LAS ILUSTRACIONES
NOTA A LAS ILUSTRACIONES Carta de las Islas Faeröe, Plano del puerto de Trangjisvaag; ambos: "Jose Ruidavets T la dibujó", Madrid, 1894.
651 #4 - PUNTO DE ACCESO ADICIONAL DE MATERIA--NOMBRE GEOGRÁFICO
Nombre geográfico Islas Faeröe.
9 (RLIN) 149330
852 ## - LOCALIZACIÓN
Ubicación ES-MaACL
Número de control de estantería T-827-F-1
Nota libre -- Enc. hol.
-- -- Enc. en un vol. facticio
Holdings
Estatus retirado Estado de pérdida Estado de daño No para préstamo Colección Biblioteca de origen Biblioteca actual Ubicación en estantería Fecha de adquisición Total de préstamos Signatura topográfica completa Código de barras Visto por última vez Precio de reemplazo Tipo de ítem Koha
        Colección de folletos Biblioteca del Ateneo de Madrid Biblioteca del Ateneo de Madrid Depósito folletos 17/01/2008   T-827-F-1 1162156 23/02/2023 23/02/2023 Folleto